Argentina Immigration By Country - Statistics

General Stats
  • This quiz has been taken 40 times
  • The average score is 26 of 30
Answer Stats
Total Country % Correct
351,880 Bolivia
100%
55,960 Brazil
100%
149,050 Chile
100%
46,930 Colombia
100%
67,190 Italy
100%
605,450 Paraguay
100%
155,700 Peru
100%
48,420 Spain
100%
1,840 United Kingdom
100%
11,730 United States
100%
95,380 Uruguay
100%
15,540 Ecuador
96%
3,960 France
96%
4,080 Germany
96%
6,040 Mexico
96%
176,610 Venezuela
96%
19,880 China
93%
6,710 India
93%
3,010 Portugal
93%
1,700 Japan
89%
17,660 Russia
89%
5,330 South Korea
85%
4,500 Cuba
78%
8,450 Dominican Republic
70%
3,670 Haiti
70%
1,130 El Salvador
63%
1,620 Nicaragua
56%
1,790 Philippines
56%
2,630 Syria
48%
3,310 Taiwan
26%
No matching quizzes found
Score Distribution
Percent of People with Each Score
Percentile by Number Answered
Your Score History
You have not taken this quiz